|
|
|
|
| LEADER |
00000nam0a2200000 4500 |
| 001 |
355832 |
| 005 |
20231102010832.0 |
| 035 |
|
|
|a (RuTPU)RU\TPU\retro\13092
|
| 090 |
|
|
|a 355832
|
| 100 |
|
|
|a 20200713d1973 km y0rusy50 ca
|
| 101 |
0 |
|
|a rus
|
| 102 |
|
|
|a KZ
|
| 105 |
|
|
|a a z 001zy
|
| 200 |
1 |
|
|a Геологические особенности и металлогения Тасарал-Кызылеспинского антиклинория в Северо-Западном Прибалхашье
|f Т. М. Лаумулин, З. Т. Тилепов, Л. М. Трубников, Г. С. Букуров
|g Академия наук Казахской ССР, Институт геологических наук им. К. И. Сатпаева
|
| 210 |
|
|
|a Алма-Ата
|c Наука
|d 1973
|
| 215 |
|
|
|a 184 с.
|c ил.
|
| 320 |
|
|
|a Библиогр.: с. 180-183
|
| 606 |
1 |
|
|a Геология
|y Казахстан
|2 stltpush
|3 (RuTPU)RU\TPU\subj\72113
|9 85700
|
| 606 |
1 |
|
|a Металлогения
|x (рудообразование)
|2 stltpush
|3 (RuTPU)RU\TPU\subj\42412
|9 62079
|
| 610 |
1 |
|
|a Балхаш
|
| 610 |
1 |
|
|a геологическое строение
|
| 610 |
1 |
|
|a металлогеническая зональность
|
| 610 |
1 |
|
|a рудные узлы
|
| 610 |
1 |
|
|a локализация
|
| 610 |
1 |
|
|a метасоматиты
|
| 675 |
|
|
|a 55(574)
|v 4
|
| 675 |
|
|
|a 553.2.07(574)
|v 4
|
| 701 |
|
1 |
|a Лаумулин
|b Т. М.
|
| 701 |
|
1 |
|a Тилепов
|b З. Т.
|
| 701 |
|
1 |
|a Трубников
|b Л. М.
|
| 701 |
|
1 |
|a Букуров
|b Г. С.
|
| 712 |
0 |
2 |
|a Академия наук Казахской ССР
|b Институт геологических наук им. К. И. Сатпаева
|c (Алма-Ата)
|2 stltpush
|3 (RuTPU)RU\TPU\col\5163
|9 24064
|
| 801 |
|
1 |
|a RU
|b 63413507
|c 20200713
|
| 801 |
|
2 |
|a RU
|b 63413507
|c 20210301
|g RCR
|
| 942 |
|
|
|c BK
|